000
00297nam a2200097Ia 4500
082
_a
070.593 HIGG
245
0
_a
A rough guide to small-scale and self-publishing
100
_a
HIGGS, Colleen Vlaeberg [South Africa], 2005
_9
75083
942
_c
BK
008
210817s9999 xx 000 0 und d
999
_c
247952
_d
247951